Humanitné a spoločenské vedy v pregraduálnom vzdelávaní 14 zborník vedeckých prác a vedeckých štúdií

Salvato in:
Dettagli Bibliografici
Altri autori: Némethová, Ildikó, 1974-, Adamcová, Silvia, 1984-
Natura: Libro
Lingua:slovacco
inglese
tedesco
Pubblicazione: Bratislava Z-F LINGUA 2024
Edizione:1. vydanie
Soggetti:
Tags: Aggiungi Tag
Nessun Tag, puoi essere il primo ad aggiungerne!!

MARC

LEADER 00000nam a2200000 4500
001 0306298
005 20250120095528.3
020 |a 978-80-8177-112-5 
041 0 |a slo 
041 0 |a eng 
041 0 |a ger 
044 |a SK 
245 1 0 |a Humanitné a spoločenské vedy v pregraduálnom vzdelávaní 14  |b zborník vedeckých prác a vedeckých štúdií  |c recenzenti: Ildikó Némethová, Silvia Adamcová 
250 |a 1. vydanie 
264 1 |a Bratislava  |b Z-F LINGUA  |c 2024 
300 |a 108 s. 
610 2 0 |a vedy humanitné 
610 2 0 |a vedy spoločenské 
610 2 0 |a vzdelávanie 
610 2 0 |a štúdium vysokoškolské 
700 1 |a Némethová, Ildikó, 1974- 
700 1 |a Adamcová, Silvia, 1984-